Alphabet Rhyme Blitz Quiz Stats

 Plays Quiz Updated Mar 16, 2018

Challenge
Share
Tweet
Embed
Score 0/26 Timer 02:00
93 Plays Today
Rhyming Word Letter % Correct
????
100%
????
96.8%
????
94.4%
????
93.5%
????
89.2%
????
87.1%
????
85%
????
78.7%
????
74.4%
????
72.3%
????
71.3%
????
66.9%
????
64%
Rhyming Word Letter % Correct
????
61.8%
????
56.9%
????
55.7%
????
53.6%
????
48.7%
????
47.2%
????
39.4%
????
35.6%
????
34.6%
????
29.7%
????
23.8%
????
18.9%
????
17.1%

You're not logged in!

Compare scores with friends on all Sporcle quizzes.
OR
Log In

You Might Also Like...

Show Comments

Extras

Top Quizzes Today


Score Distribution

Your Account Isn't Verified!

In order to create a playlist on Sporcle, you need to verify the email address you used during registration. Go to your Sporcle Settings to finish the process.

Report this User

Report this user for behavior that violates our Community Guidelines.

Details: